00600nam a22001937a 450000500170000001000150001702000230003202000260005503500130008103700130009408200110010710000230011824500860014125000170022726000570024427000410030130000240034250000400036620100816113522.0 aENG-100606 a8187710179c400.00 a9788187710172c400.00 aEN-84139 bDBAD/PUB a220.21 aArya, Ravi Prakash aVedic meteorlogy :bvedic science of weather modification /cby Ravi Prakash Arya a2nd rev. ed. aHaryanabIndian Foundation For Vedic Sciencec(200?) aH.O.1051, Sector-1, Rohtak bHaryana axi,205p.c22cm (Hb) aIncludes bibliographical references